000 00439nam a2200181Ia 4500
001 8843
005 20260306160639.0
008 260306t1996||||xx |||||||||||||| ||spa||
041 _aESP
082 _a371.4
_bG91
100 _aPerú
_eAUT
245 0 _aGuía de educación familiar y sexual:
_bpara docentes y padres de familia
260 _c1996
300 _a
_c27 cm.
650 _aGEN
654 _aCED
942 _cLIB
_dJUS
_fJUS
_2ddc
_n
999 _c8843
_d8843